<?xml version="1.0" encoding="UTF-8"?>
<collection xmlns="http://www.loc.gov/MARC21/slim">
  <record>
    <leader>00000nam  2200000   4500</leader>
    <controlfield tag="001">INLIS000000000003381</controlfield>
    <controlfield tag="005">20250205105449</controlfield>
    <datafield tag="035" ind1="#" ind2="#">
      <subfield code="a">0010-0718003381</subfield>
    </datafield>
    <controlfield tag="008">250205################g##########0#ind##</controlfield>
    <datafield tag="041" ind1=" " ind2=" ">
      <subfield code="a">id</subfield>
    </datafield>
    <datafield tag="082" ind1="#" ind2="#">
      <subfield code="a">959.811</subfield>
    </datafield>
    <datafield tag="090" ind1=" " ind2=" ">
      <subfield code="a">959.811.Vee p</subfield>
    </datafield>
    <datafield tag="100" ind1=" " ind2="#">
      <subfield code="a">Veer, Paul Van T</subfield>
    </datafield>
    <datafield tag="245" ind1="1" ind2="#">
      <subfield code="a">Perang Aceh :</subfield>
      <subfield code="b">Kisah Kegagalan Snock Hurgronje /</subfield>
      <subfield code="c">Paul Van T Veer</subfield>
    </datafield>
    <datafield tag="260" ind1="#" ind2="#">
      <subfield code="a">Jakarta :</subfield>
      <subfield code="b">Gratifi Pers,</subfield>
      <subfield code="c">1985</subfield>
    </datafield>
    <datafield tag="300" ind1="#" ind2="#">
      <subfield code="a">269 hlm., 21 cm :</subfield>
      <subfield code="b">ilus ;</subfield>
      <subfield code="c">21 cm</subfield>
    </datafield>
    <datafield tag="650" ind1=" " ind2="4">
      <subfield code="a">Perang Aceh</subfield>
    </datafield>
    <datafield tag="084" ind1="#" ind2="#">
      <subfield code="a">959.811 VEE p</subfield>
    </datafield>
    <datafield tag="250" ind1="#" ind2="#">
      <subfield code="a">Cetakan ke 1</subfield>
    </datafield>
    <datafield tag="500" ind1="#" ind2="#">
      <subfield code="a">Ketika terbit pada tahun 1969 dengan judul De Atjeh Oorlog, buku ini dipuji sebagai buku yang sangat mengasyikkan, dan secara ilmiah dapat dipertanggungjawabkan mengenai suatu perang yang mengguncangkan Hindia Belanda maupun Belanda dan ada kalanya bahkan seluruh Eropa -- perang terbesar yang pernah dilakukan Belanda. Tentang buku Acehnya ini Paul van 't Veer sendiri berkata: "Saya menganggap telah dapat membuktikan, bahwa perang Aceh adalah suatu provokasi yang disengaja, bahwa sesungguhnya orang harus berbicara tentang empat perang Aceh dan bukan satu, bahwa empat babakan waktu ini berkaitan dengan perubahan-perubahan politik dan sosial di Negeri Belanda, dan bahwa perang Aceh bagi Belanda merupakan babakan dalam memulai dan mengakhiri imperialisme."</subfield>
    </datafield>
    <datafield tag="990" ind1="#" ind2="#">
      <subfield code="a">180319012</subfield>
    </datafield>
  </record>
</collection>
